00483nam a22001937a 4500003000500000005001700005008004100022010001000063011001000073035001000083040000900093110003400102245004000136260003400176300000900210490002900219650001200248830002900260CHAP20220329134853.0971013s1960 r 00010 d a27233 a28205 a32308 cCHAP aInstituto Mexicano del Café aConsejos sobre beneficio del café a(s.l.) :bEl Instituto,c1960 a15 h aCircular técnicav; 1814aCafé.0 aCircular técnicav; 18